Transformácia účtovnej sústavy z podvojného účtovníctva na jednoduché účtovníctvo

Prípady, kedy je možný prechod z podvojného účtovníctva (PÚ) na jednoduché účtovníctvo (JÚ). Právna úprava prechodu z PÚ na JÚ. Prechod z PÚ na JÚ u pohľadu zákona o dani z príjmov. Ilustračné príklady.

Enregistré dans:
Détails bibliographiques
Auteur principal: Mintál, Ján
Format: Chapitre de livre
Langue:slovaque
Sujets:
Tags: Ajouter un tag
Pas de tags, Soyez le premier à ajouter un tag!

MARC

LEADER 00000naa$a2200000$$$4500
001 0046847
005 20231109114643.0
041 0 |a slo 
044 |a SK 
245 1 0 |a Transformácia účtovnej sústavy z podvojného účtovníctva na jednoduché účtovníctvo  |c Ján Mintál 
520 |a Prípady, kedy je možný prechod z podvojného účtovníctva (PÚ) na jednoduché účtovníctvo (JÚ). Právna úprava prechodu z PÚ na JÚ. Prechod z PÚ na JÚ u pohľadu zákona o dani z príjmov. Ilustračné príklady. 
610 2 0 |a účtovníctvo podvojné 
610 2 0 |a transformácia 
610 2 0 |a účtovníctvo jednoduché 
610 2 0 |a podnikatelia 
610 2 0 |a úpravy právne 
610 2 0 |a dane z príjmov 
610 2 0 |a Slovensko 
100 1 |a Mintál, Ján